000 00443nab a2200145Ia 4500
003 ES-SlBCS
005 20210601125442.0
008 140529s1973 xxu||||| |||| 00| 0 eng d
041 _aeng
100 1 _aZaidi, Syed A. R.
_9158873
245 0 0 _aToward a Relational Metaphysics
_c Syed A. R. Zaidi
650 0 4 _aMetafísica Relacional
_9158874
773 0 _tReview of Methaphysics
_gvol. 26, nº. 103, 1973, págs. 412-437
_wRev843
942 _cAR
999 _c530556
_d530556